[Event "CZE-chT2B 2223"]
[Site "Czech Republic"]
[Date "2023.03.05"]
[Round "10.6"]
[White "Vales, Vaclav"]
[Black "Bretsnajdr, Vladimir"]
[Result "1/2-1/2"]
[WhiteElo "2050"]
[BlackElo "2209"]
[PlyCount "94"]
[EventDate "2022.10.16"]
[EventType "team-tourn"]
[EventRounds "11"]
[EventCountry "CZE"]
[SourceTitle "EXT 2024"]
[Source "ChessBase"]
[SourceDate "2023.10.10"]
[SourceVersion "1"]
[SourceVersionDate "2023.10.10"]
[SourceQuality "1"]
[WhiteTeam "Decin"]
[BlackTeam "Litomerice II"]
[WhiteTeamCountry "CZE"]
[BlackTeamCountry "CZE"]

1. Nf3 Nf6 2. g3 g6 3. Bg2 Bg7 4. 0-0 0-0 5. c4 d6 6. Nc3 Nc6 7. Rb1 e5 8. b4 Be6 9. d3 h6 10. b5 Ne7 11. Nd2 d5 12. Ba3 Re8 13. e4 dxc4 14. dxc4 Qd3 15. Qc1 c6 16. Rd1 Bg4 17. Nf3 Qxc4 18. Nxe5 Qe6 19. Nxg4 Nxg4 20. f3 Ne5 21. bxc6 bxc6 22. Rb7 Nc8 23. f4 Nc4 24. e5 N8b6 25. Bd6 Rad8 26. Ne4 Nxd6 27. Nxd6 Re7 28. Rxe7 Qxe7 29. Qxc6 Nc8 30. Bd5 Nxd6 31. exd6 Bd4+ 32. Rxd4 Qe3+ 33. Kg2 Qxd4 34. Bxf7+ Kg7 35. Bd5 Qb6 36. d7 Qxc6 37. Bxc6 Kf6 38. Kf3 Ke6 39. g4 Kd6 40. Ba4 Rb8 41. h4 Ke7 42. f5 gxf5 43. gxf5 Rb6 44. Ke3 Ra6 45. Bb5 Rb6 46. Ba4 Ra6 47. Bb5 Rb6 1/2-1/2

[Event "CZE-chT2B 1920"]
[Site "Czech Republic"]
[Date "2020.02.23"]
[Round "9.6"]
[White "Bretsnajdr, Vladimir"]
[Black "Chrz, Pavel"]
[Result "1-0"]
[WhiteElo "2226"]
[BlackElo "1985"]
[PlyCount "61"]
[EventDate "2019.10.13"]
[EventType "team-tourn"]
[EventRounds "11"]
[EventCountry "CZE"]
[SourceTitle "EXT 2024"]
[Source "ChessBase"]
[SourceDate "2023.10.10"]
[SourceVersion "1"]
[SourceVersionDate "2023.10.10"]
[SourceQuality "1"]
[WhiteTeam "Litomerice"]
[BlackTeam "Usti nad Labem"]
[WhiteTeamCountry "CZE"]
[BlackTeamCountry "CZE"]

1. d4 Nf6 2. c4 g6 3. g3 Bg7 4. Bg2 0-0 5. Nc3 d6 6. Nf3 Nc6 7. 0-0 a6 8. d5 Na5 9. Nd2 c5 10. Qc2 Bd7 11. b3 b5 12. Bb2 bxc4 13. bxc4 Rb8 14. Rab1 Qc7 15. Ba1 Rb4 16. a3 Rxb1 17. Rxb1 Rb8 18. h3 Nh5 19. Kh2 Bd4 20. e3 Bf5 21. Rxb8+ Qxb8 22. Qc1 Be5 23. f4 Bf6 24. g4 Bd3 25. gxh5 Nxc4 26. Nxc4 Bxc4 27. hxg6 hxg6 28. Nd1 Bxa1 29. Qxa1 Qb3 30. e4 Be2 31. Nc3 1-0

[Event "CZE-chT2B 1920"]
[Site "Czech Republic"]
[Date "2019.11.03"]
[Round "2.6"]
[White "Kudrlicka, Ladislav"]
[Black "Bretsnajdr, Vladimir"]
[Result "1/2-1/2"]
[WhiteElo "2033"]
[BlackElo "2226"]
[PlyCount "40"]
[EventDate "2019.10.13"]
[EventType "team-tourn"]
[EventRounds "11"]
[EventCountry "CZE"]
[SourceTitle "EXT 2024"]
[Source "ChessBase"]
[SourceDate "2023.10.10"]
[SourceVersion "1"]
[SourceVersionDate "2023.10.10"]
[SourceQuality "1"]
[WhiteTeam "Teplice"]
[BlackTeam "Litomerice"]
[WhiteTeamCountry "CZE"]
[BlackTeamCountry "CZE"]

1. d4 Nf6 2. Nf3 g6 3. Bg5 Bg7 4. Nbd2 d5 5. e3 0-0 6. Bd3 Nbd7 7. 0-0 Re8 8. c4 c6 9. Qb3 Qa5 10. cxd5 cxd5 11. Rfc1 e5 12. dxe5 Nxe5 13. Nxe5 Rxe5 14. Nf3 Re7 15. Qc3 Qxc3 16. Rxc3 h6 17. Bf4 Ne4 18. Rc2 g5 19. Bg3 Bf5 20. Rd1 Nxg3 1/2-1/2

[Event "CZE-chT2B 1718"]
[Site "Czech Republic"]
[Date "2017.12.03"]
[Round "4.6"]
[White "Bartos, Vaclav1111"]
[Black "Bretsnajdr, Vladimir"]
[Result "1/2-1/2"]
[WhiteElo "2010"]
[BlackElo "2243"]
[PlyCount "54"]
[EventDate "2017.10.15"]
[EventType "team-tourn"]
[EventRounds "11"]
[EventCountry "CZE"]
[SourceTitle "EXT 2022"]
[Source "ChessBase"]
[SourceDate "2021.10.06"]
[SourceVersion "1"]
[SourceVersionDate "2021.10.06"]
[SourceQuality "1"]
[WhiteTeam "Teplice"]
[BlackTeam "Litomerice"]
[WhiteTeamCountry "CZE"]
[BlackTeamCountry "CZE"]

1. c4 g6 2. Nf3 Bg7 3. Nc3 d6 4. g3 Nf6 5. Bg2 0-0 6. 0-0 Nc6 7. d3 e5 8. Rb1 a5 9. a3 h6 10. b4 axb4 11. axb4 Ne8 12. b5 Ne7 13. Qb3 Be6 14. Nd5 Nc8 15. Nd2 f5 16. b6 c6 17. Nc7 Nxc7 18. bxc7 Qxc7 19. Qxb7 Qxb7 20. Rxb7 Ra6 21. Bb2 Rf7 22. Rb8 Rc7 23. Ra1 Rxa1+ 24. Bxa1 Kf7 25. f4 exf4 26. Bxg7 Kxg7 27. gxf4 c5 1/2-1/2

[Event "CZE-chT2A 1516"]
[Site "Czech Republic"]
[Date "2016.01.10"]
[Round "5.7"]
[White "Bretsnajdr, Vladimir"]
[Black "Folkova, Martina"]
[Result "1-0"]
[WhiteElo "2263"]
[BlackElo "2009"]
[PlyCount "115"]
[EventDate "2015.10.18"]
[EventType "team-tourn"]
[EventRounds "11"]
[EventCountry "CZE"]
[SourceTitle "EXT 2022"]
[Source "ChessBase"]
[SourceDate "2021.10.06"]
[SourceVersion "1"]
[SourceVersionDate "2021.10.06"]
[SourceQuality "1"]
[WhiteTeam "Unichess III"]
[BlackTeam "Kozolupy"]
[WhiteTeamCountry "CZE"]
[BlackTeamCountry "CZE"]

1. Nf3 d5 2. g3 g6 3. Bg2 Bg7 4. d4 Nf6 5. c4 dxc4 6. Qa4+ Nbd7 7. Nc3 0-0 8. Qxc4 Nb6 9. Qd3 Be6 10. 0-0 Qc8 11. Ng5 Bc4 12. Qc2 h6 13. Nge4 Nfd5 14. Rd1 Qf5 15. e3 Rad8 16. b3 Nxc3 17. Qxc3 Be2 18. Re1 Nd5 19. Qc2 Bf3 20. Bxf3 Qxf3 21. Ba3 Rfe8 22. Nd2 Qh5 23. Rad1 c6 24. Nc4 Qh3 25. f3 h5 26. e4 Nc7 27. Bb2 Ne6 28. Qf2 c5 29. dxc5 Bxb2 30. Nxb2 h4 31. b4 Ng5 32. f4 hxg3 33. hxg3 Ne6 34. Nc4 Kg7 35. Qg2 Qh5 36. Rd5 Rxd5 37. exd5 Nd4 38. g4 Qh4 39. Re4 Nb5 40. d6 Nc3 41. Re3 Qf6 42. Qd2 Nb5 43. Qb2 Nd4 44. Re4 Ne6 45. f5 gxf5 46. gxf5 Qxb2 47. Nxb2 Nd8 48. Rxe7 Rg8 49. Kf2 Kf6 50. Nc4 Rh8 51. Ne3 Rh2+ 52. Kf3 Rxa2 53. Rd7 Nc6 54. Rxb7 Ne5+ 55. Ke4 Re2 56. d7 Nc6 57. b5 Nd8 58. Rb8 1-0

[Event "Marianske Lazne op 14th"]
[Site "Marianske Lazne"]
[Date "2015.01.24"]
[Round "9"]
[White "Bretsnajdr, Vladimir"]
[Black "Shevchenko, Kirill"]
[Result "1/2-1/2"]
[WhiteElo "2288"]
[BlackElo "2247"]
[PlyCount "81"]
[EventDate "2015.01.17"]
[EventType "swiss"]
[EventRounds "9"]
[EventCountry "CZE"]
[SourceTitle "CBM 164 Extra"]
[Source "ChessBase"]
[SourceDate "2015.03.02"]
[SourceVersion "1"]
[SourceVersionDate "2015.03.02"]
[SourceQuality "1"]

1. Nf3 Nf6 2. g3 g6 3. Bg2 Bg7 4. 0-0 0-0 5. c4 d6 6. d4 c6 7. Nc3 Bf5 8. Nh4 Be6 9. Qd3 d5 10. b3 Na6 11. cxd5 Nxd5 12. Nxd5 Bxd5 13. e4 Be6 14. Be3 c5 15. Rad1 cxd4 16. Bxd4 Bxd4 17. Qxd4 Qxd4 18. Rxd4 Rfd8 19. Nf3 Bg4 20. Rc1 Rxd4 21. Nxd4 Rd8 22. Nb5 Rd2 23. Nxa7 Rxa2 24. Nc8 Kf8 25. e5 Nc5 26. h3 Nd3 27. Rc3 Bf5 28. f4 b5 29. Bf1 Ne1 30. Bxb5 Bxh3 31. Nb6 Bg2 32. Bc6 Bxc6 33. Rxc6 Nf3+ 34. Kf1 Nd2+ 35. Ke2 Nxb3+ 36. Ke3 Rg2 37. Rc8+ Kg7 38. Kf3 Rd2 39. Ke3 Rd1 40. Rc4 Nd2 41. Rc7 1/2-1/2

[Event "Marianske Lazne op 14th"]
[Site "Marianske Lazne"]
[Date "2015.01.20"]
[Round "5"]
[White "Bretsnajdr, Vladimir"]
[Black "Antolak, Julia"]
[Result "1-0"]
[WhiteElo "2288"]
[BlackElo "1964"]
[PlyCount "71"]
[EventDate "2015.01.17"]
[EventType "swiss"]
[EventRounds "9"]
[EventCountry "CZE"]
[SourceTitle "CBM 164 Extra"]
[Source "ChessBase"]
[SourceDate "2015.03.02"]
[SourceVersion "1"]
[SourceVersionDate "2015.03.02"]
[SourceQuality "1"]

1. d4 Nf6 2. c4 d6 3. Nf3 g6 4. Nc3 Bg7 5. g3 0-0 6. Bg2 Nc6 7. d5 Na5 8. Nd2 c5 9. 0-0 a6 10. Qc2 Bd7 11. b3 b5 12. Bb2 Rb8 13. Rab1 Qc7 14. Nd1 Ne8 15. Bxg7 Nxg7 16. e4 bxc4 17. bxc4 Rxb1 18. Qxb1 Rb8 19. Qc2 Qb6 20. Ne3 Ne8 21. Rb1 Qc7 22. Rxb8 Qxb8 23. Qc3 Qb6 24. f4 Nb7 25. a3 f6 26. e5 dxe5 27. fxe5 fxe5 28. Qxe5 Qf6 29. Qb8 Qd4 30. Ndf1 Nbd6 31. Qd8 Nf5 32. Qxd7 Neg7 33. d6 e6 34. Qd8+ Kf7 35. Qc7+ Kf6 36. d7 1-0

[Event "CZE-chT2B 1415"]
[Site "Czech Republic"]
[Date "2014.11.02"]
[Round "1.4"]
[White "Bretsnajdr, Vladimir"]
[Black "Toman, Ondrej"]
[Result "0-1"]
[WhiteElo "2288"]
[BlackElo "2165"]
[PlyCount "126"]
[EventDate "2014.11.02"]
[EventType "team-tourn"]
[EventRounds "11"]
[EventCountry "CZE"]
[SourceTitle "EXT 2022"]
[Source "ChessBase"]
[SourceDate "2021.10.06"]
[SourceVersion "1"]
[SourceVersionDate "2021.10.06"]
[SourceQuality "1"]
[WhiteTeam "Litomerice"]
[BlackTeam "Teplice"]
[WhiteTeamCountry "CZE"]
[BlackTeamCountry "CZE"]

1. c4 Nf6 2. Nf3 c5 3. Nc3 Nc6 4. g3 d6 5. d4 cxd4 6. Nxd4 Nxd4 7. Qxd4 g6 8. Bg2 Bg7 9. 0-0 0-0 10. Qd3 Bf5 11. e4 Be6 12. Bd2 Nd7 13. b3 a5 14. Rac1 Nc5 15. Qe2 Qd7 16. Rfd1 f5 17. exf5 Rxf5 18. Be3 Bxc3 19. Rxc3 Re5 20. Qb2 Bg4 21. f3 Bh3 22. Bf4 Rh5 23. g4 Rf8 24. gxh5 Rxf4 25. hxg6 hxg6 26. Bxh3 Qxh3 27. Qg2 Qf5 28. Re3 Kf7 29. Qd2 Qg5+ 30. Kh1 Rf5 31. Rde1 Re5 32. Qd4 Rxe3 33. Qxe3 Qf6 34. f4 Ne6 35. Rf1 Qf5 36. Qf3 b6 37. Qd5 Kf6 38. Qf3 Kf7 39. Kg2 Kf6 40. h3 Kg7 41. Rf2 Kh7 42. Qg4 Qe4+ 43. Kh2 Nd4 44. h4 Qe3 45. Qg3 Qe4 46. Qh3 Kh6 47. h5 gxh5 48. Qg3 Qg6 49. Rg2 Qf6 50. Qg5+ Qxg5 51. fxg5+ Kg6 52. Rf2 Nf5 53. Rd2 Kxg5 54. Rd5 e5 55. Rb5 e4 56. Kg2 Kf4 57. Kf2 e3+ 58. Ke1 h4 59. Rxb6 h3 60. Rb8 h2 61. Rh8 Kg3 62. Ke2 Nh4 63. Rg8+ Kh3 0-1

[Event "CZE-chT2A 1314"]
[Site "Czech Republic"]
[Date "2013.11.17"]
[Round "2.8"]
[White "Vachal, Josef1111"]
[Black "Bretsnajdr, Vladimir"]
[Result "0-1"]
[WhiteElo "1878"]
[BlackElo "2282"]
[PlyCount "76"]
[EventDate "2013.11.03"]
[EventType "team-tourn"]
[EventRounds "11"]
[EventCountry "CZE"]
[SourceTitle "EXT 2015"]
[Source "ChessBase"]
[SourceDate "2014.11.20"]
[SourceVersion "1"]
[SourceVersionDate "2014.11.20"]
[SourceQuality "1"]
[WhiteTeam "Domazlice"]
[BlackTeam "Postovni sporitelna II"]
[WhiteTeamCountry "CZE"]
[BlackTeamCountry "CZE"]

1. d4 Nf6 2. Nf3 g6 3. c4 Bg7 4. Nc3 0-0 5. e4 d6 6. Be2 Nbd7 7. 0-0 e5 8. d5 Nc5 9. Qc2 a5 10. Be3 Ng4 11. Bxc5 dxc5 12. h3 Nh6 13. Qd2 f6 14. Qe3 b6 15. Qd2 Nf7 16. Bd3 f5 17. Nh2 Nd6 18. Rae1 Bd7 19. f4 Bh6 20. exf5 Bxf4 21. Rxf4 exf4 22. fxg6 hxg6 23. Bxg6 Qf6 24. Bd3 Qd4+ 25. Kh1 Nxc4 26. Qc2 Ne3 27. Qb1 Qg7 28. Re2 Rae8 29. Rf2 Qg3 30. Rd2 Ng4 31. Nf3 Nf2+ 32. Kg1 Nxh3+ 33. Kf1 Ng5 34. Rf2 Nxf3 35. Rxf3 Qh4 36. Ne4 Bg4 37. Qd1 Qh1+ 38. Ke2 Qxg2+ 0-1

[Event "CZE-chT2b 0607"]
[Site "Czech Republic"]
[Date "2006.11.19"]
[Round "3"]
[White "Bretsnajdr, Vladimir"]
[Black "Krejcik, Jiri"]
[Result "1-0"]
[WhiteElo "2310"]
[BlackElo "2117"]
[PlyCount "117"]
[EventDate "2006.10.15"]
[EventType "team"]
[EventRounds "11"]
[EventCountry "CZE"]
[SourceTitle "EXT 2009"]
[Source "ChessBase"]
[SourceDate "2008.11.26"]
[SourceVersion "1"]
[SourceVersionDate "2008.11.26"]
[SourceQuality "1"]

1. e4 e5 2. Nf3 Nc6 3. Bb5 a6 4. Ba4 Nf6 5. 0-0 b5 6. Bb3 Be7 7. Re1 0-0 8. a4 Bb7 9. d3 d5 10. exd5 Nxd5 11. Nxe5 Nxe5 12. Rxe5 Bf6 13. Re1 b4 14. Nd2 Qd7 15. Ne4 Bd4 16. Rb1 Qf5 17. Bd2 a5 18. c3 Bb6 19. Bc2 Qg6 20. d4 f5 21. Ng3 Qc6 22. Bb3 f4 23. Ne4 Kh8 24. f3 Rad8 25. Qe2 Ba6 26. Qf2 Bc4 27. Bxc4 Qxc4 28. Qe2 Qc6 29. Qd3 Qxa4 30. Ng5 Nf6 31. Ne6 bxc3 32. bxc3 Nd5 33. Nxf8 Rxf8 34. Re5 Qd7 35. Qe4 Nf6 36. Qxf4 a4 37. Qf5 Qd6 38. Qe6 Qa3 39. Qc4 Qd6 40. Re6 Qd7 41. Qc6 Qxc6 42. Rxc6 a3 43. Ra1 Ra8 44. Ra2 Nd5 45. Kf1 Kg8 46. Re6 Kf7 47. Re5 c6 48. g3 Bc7 49. Re1 Nb6 50. Rb1 Ke6 51. Ke2 Kd5 52. Kd3 Ra7 53. Rb4 Na4 54. c4+ Ke6 55. Bc1 c5 56. d5+ Kf5 57. Rb3 Nb6 58. Rbxa3 Rb7 59. Ra7 1-0

[Event "CZE-chT1W 0607"]
[Site "Czech Republic"]
[Date "2006.11.12"]
[Round "2.6"]
[White "Sodoma, Jan"]
[Black "Bretsnajdr, Vladimir"]
[Result "1/2-1/2"]
[WhiteElo "2273"]
[BlackElo "2311"]
[PlyCount "81"]
[EventDate "2006.10.29"]
[EventType "team"]
[EventRounds "11"]
[EventCountry "CZE"]
[SourceTitle "EXT 2009"]
[Source "ChessBase"]
[SourceDate "2008.11.26"]
[SourceVersion "1"]
[SourceVersionDate "2008.11.26"]
[SourceQuality "1"]
[WhiteTeam "Bohemians"]
[BlackTeam "Praha CSOB"]
[WhiteTeamCountry "CZE"]
[BlackTeamCountry "CZE"]

1. e4 c5 2. Nc3 e6 3. f4 d5 4. exd5 exd5 5. Bb5+ Nc6 6. Qe2+ Be7 7. Nf3 Nf6 8. Ne5 Qd6 9. 0-0 0-0 10. Bxc6 bxc6 11. b3 Re8 12. Ba3 Qc7 13. d3 Bd6 14. Qf2 Rxe5 15. fxe5 Bxe5 16. Qxc5 Be6 17. Rxf6 Bxh2+ 18. Kh1 gxf6 19. Qe3 Bf4 20. Qf3 Be5 21. Bb2 Kh8 22. d4 Bf4 23. Bc1 Bxc1 24. Qxf6+ Kg8 25. Rxc1 Qg3 26. Na4 Re8 27. Rf1 Qg6 28. Nc5 Qxf6 29. Rxf6 Kg7 30. Rf2 Bg4 31. Nd3 f6 32. Rd2 Bf5 33. Nb4 Re6 34. Kg1 Kg6 35. Kf2 Kg5 36. c4 Be4 37. Nd3 Bxd3 38. Rxd3 Re4 39. cxd5 cxd5 40. b4 a6 41. a4 1/2-1/2

[Event "CZE-chT2b 0506"]
[Site "Czech Republic"]
[Date "2006.02.12"]
[Round "7"]
[White "Bretsnajdr, Vladimir"]
[Black "Reitinger, Petr"]
[Result "1-0"]
[WhiteElo "2300"]
[BlackElo "2095"]
[PlyCount "53"]
[EventDate "2005.10.16"]
[EventType "team"]
[EventRounds "11"]
[EventCountry "CZE"]
[SourceTitle "EXT 2009"]
[Source "ChessBase"]
[SourceDate "2008.11.26"]
[SourceVersion "1"]
[SourceVersionDate "2008.11.26"]
[SourceQuality "1"]

1. Nf3 d5 2. d4 Nf6 3. c4 dxc4 4. e3 e6 5. Bxc4 c5 6. 0-0 Nc6 7. Qe2 a6 8. Rd1 b5 9. dxc5 Qc7 10. Bb3 Bxc5 11. Nbd2 Bb7 12. a4 Qb6 13. axb5 axb5 14. Rxa8+ Bxa8 15. Bc2 Na5 16. b3 0-0 17. Bb2 Rd8 18. Ng5 h6 19. Nge4 Nxe4 20. Nxe4 Rxd1+ 21. Qxd1 Bxe4 22. Bxe4 Bxe3 23. Qd7 Bc5 24. Bd4 Qd6 25. Qc8+ Qf8 26. Qxc5 Nxb3 27. Bh7+ 1-0

[Event "CZE-chT2b 0506"]
[Site "Czech Republic"]
[Date "2005.12.18"]
[Round "5"]
[White "Bretsnajdr, Vladimir"]
[Black "Hadraba, Vladimir"]
[Result "1/2-1/2"]
[WhiteElo "2300"]
[BlackElo "2155"]
[PlyCount "43"]
[EventDate "2005.10.16"]
[EventType "team"]
[EventRounds "11"]
[EventCountry "CZE"]
[SourceTitle "EXT 2009"]
[Source "ChessBase"]
[SourceDate "2008.11.26"]
[SourceVersion "1"]
[SourceVersionDate "2008.11.26"]
[SourceQuality "1"]

1. e4 c5 2. Nf3 e6 3. b3 a6 4. Bb2 Nc6 5. d4 cxd4 6. Nxd4 Qc7 7. Bd3 Bb4+ 8. Nd2 Nf6 9. 0-0 Nxd4 10. Bxd4 e5 11. Bb2 0-0 12. c4 d6 13. a3 Bc5 14. b4 Ba7 15. Kh1 Qe7 16. Qe2 Bg4 17. f3 Be6 18. g3 Rac8 19. Rfe1 Rc7 20. Nf1 Rfc8 21. Rac1 Nd7 22. Nd2 1/2-1/2

[Event "Ostrava op-A"]
[Site "Ostrava"]
[Date "2003.05.10"]
[Round "9"]
[White "Bretsnajdr, Vladimir"]
[Black "Snyta, Zdenek"]
[Result "1-0"]
[WhiteElo "2259"]
[BlackElo "2080"]
[PlyCount "97"]
[EventDate "2003.05.03"]
[EventType "swiss"]
[EventRounds "10"]
[EventCountry "CZE"]
[SourceTitle "EXT 2006"]
[Source "ChessBase"]
[SourceDate "2005.11.24"]
[SourceVersion "1"]
[SourceVersionDate "2005.11.24"]
[SourceQuality "1"]

1. e4 d5 2. exd5 Nf6 3. Bb5+ Bd7 4. Be2 Nxd5 5. d4 g6 6. c4 Nf6 7. Nf3 Bg7 8. Nc3 0-0 9. 0-0 c6 10. Bf4 Bg4 11. h3 Bc8 12. Qd2 Re8 13. Rfe1 Na6 14. Rad1 Nc7 15. d5 cxd5 16. cxd5 Bf5 17. Bc4 Nd7 18. g4 Nb6 19. Bb3 Bd7 20. Ne5 Nb5 21. Nxb5 Bxb5 22. d6 Bxe5 23. Bxe5 exd6 24. Qh6 Rxe5 25. Rxe5 dxe5 26. Rxd8+ Rxd8 27. Qg5 Re8 28. Qf6 Bc4 29. Bxc4 Nxc4 30. b3 Nb6 31. Qd6 e4 32. Qc7 Kf8 33. Qxb7 Re7 34. Qb8+ Kg7 35. Qd6 Re6 36. Qa3 Nc8 37. Qc5 Re8 38. Qc6 Kf8 39. b4 Nb6 40. a4 Re7 41. a5 Nd7 42. Qa8+ Re8 43. Qxa7 Ne5 44. Qc5+ Kg8 45. Kg2 h5 46. gxh5 gxh5 47. a6 Nd3 48. Qg5+ Kf8 49. b5 1-0

[Event "Ostrava op-A"]
[Site "Ostrava"]
[Date "2003.05.06"]
[Round "5"]
[White "Bretsnajdr, Vladimir"]
[Black "Vesselovsky, Serguei"]
[Result "1/2-1/2"]
[WhiteElo "2259"]
[BlackElo "2435"]
[PlyCount "21"]
[EventDate "2003.05.03"]
[EventType "swiss"]
[EventRounds "10"]
[EventCountry "CZE"]
[SourceTitle "EXT 2006"]
[Source "ChessBase"]
[SourceDate "2005.11.24"]
[SourceVersion "1"]
[SourceVersionDate "2005.11.24"]
[SourceQuality "1"]

1. e4 c5 2. Nf3 Nc6 3. d4 cxd4 4. Nxd4 g6 5. c4 Bg7 6. Bd3 Nf6 7. Nc3 0-0 8. Be2 b6 9. 0-0 Bb7 10. f3 d6 11. Qd2 1/2-1/2

[Event "CZE-chT1a 9697"]
[Site "Czech Republic"]
[Date "1997.??.??"]
[Round "?"]
[White "Bretsnajdr, Vladimir"]
[Black "Pliva, Vojtech"]
[Result "1-0"]
[WhiteElo "2290"]
[BlackElo "2205"]
[PlyCount "93"]
[EventDate "1996.??.??"]
[EventType "team"]
[EventRounds "11"]
[EventCountry "CZE"]
[SourceTitle "EXT 1998"]
[Source "ChessBase"]
[SourceDate "1997.11.17"]
[SourceVersion "1"]
[SourceVersionDate "1997.11.17"]
[SourceQuality "1"]

1. Nf3 d5 2. g3 g6 3. Bg2 Bg7 4. d4 Nf6 5. 0-0 0-0 6. c4 c6 7. b3 Ne4 8. Bb2 e6 9. Nbd2 Nd7 10. Qc2 f5 11. e3 Ndf6 12. Ne5 Nxd2 13. Qxd2 Nd7 14. Nd3 b6 15. Qc2 Bb7 16. Rad1 Rc8 17. f3 Qe7 18. e4 fxe4 19. fxe4 Rxf1+ 20. Rxf1 dxe4 21. Bxe4 e5 22. Re1 Nf6 23. Nxe5 Nxe4 24. Qxe4 c5 25. d5 Re8 26. Bc3 Bc8 27. Qf4 Rf8 28. Nxg6 Qxe1+ 29. Bxe1 Rxf4 30. Nxf4 Bf5 31. b4 Bd4+ 32. Bf2 Bxf2+ 33. Kxf2 cxb4 34. Ke3 Kf7 35. Kd4 Ke7 36. c5 bxc5+ 37. Kxc5 Bb1 38. Kxb4 Bxa2 39. Kc5 Kd7 40. Nd3 Bb1 41. Ne5+ Kc8 42. d6 Be4 43. g4 Kb7 44. h4 Bg2 45. g5 Be4 46. h5 Kc8 47. h6 1-0

[Event "CZE-chT2 9798"]
[Site "Czech Republic"]
[Date "1997.??.??"]
[Round "3.5"]
[White "Hadraba, Vladimir"]
[Black "Bretsnajdr, Vladimir"]
[Result "1/2-1/2"]
[WhiteElo "2250"]
[BlackElo "2285"]
[PlyCount "22"]
[EventDate "1997.??.??"]
[EventType "team"]
[EventRounds "11"]
[EventCountry "CZE"]
[SourceTitle "EXT 1999"]
[Source "ChessBase"]
[SourceDate "1998.11.16"]
[SourceVersion "1"]
[SourceVersionDate "1998.11.16"]
[SourceQuality "1"]

1. e4 c5 2. Nf3 e6 3. d4 cxd4 4. Nxd4 Nf6 5. Nc3 d6 6. Be2 Be7 7. 0-0 a6 8. f4 Qc7 9. Kh1 0-0 10. a4 Nc6 11. Be3 Re8 1/2-1/2